LEADER 01271nam0 22002891i 450 001 UON00075841 005 20231205102410.77 010 $a38-7118-336-9 100 $a20020107d1978 |0itac50 ba 101 $ager 102 $aDE 105 $a|||| ||||| 200 1 $aSprachliche Studien zum Rendille$eGrammatik, Texte, Glossar, with english summary of Rendille grammar$fGunther Schlee 210 $aHamburg$cBuske$dc1978 215 $avii, 166 p.$d21 cm 410 1$1001UON00066116$12001 $aHamburger philologische Studien$eSammlung von Dissertationen und selbstandingen Monographien zur Sprach und Literaturwissenschaft$v46 606 $aLINGUA RENDILLE$xStudi$3UONC023028$2FI 620 $aDE$dHamburg$3UONL003222 676 $a493.5$cLINGUE CUSCITICHE / LINGUA OROMO / LINGUA SOMALA / LINGUA GALLA$v21 700 1$aSCHLEE$bGunther$3UONV044343$0657961 712 $aBuske$3UONV248672$4650 801 $aIT$bSOL$c20240220$gRICA 899 $aSIBA - SISTEMA BIBLIOTECARIO DI ATENEO$2UONSI 912 $aUON00075841 950 $aSIBA - SISTEMA BIBLIOTECARIO DI ATENEO$dSI ET CO II C aco 002 $eSI AA 17564 5 002 996 $aSprachliche Studien zum Rendille$91163901 997 $aUNIOR